| 000 | 00957cam a22002771 4500 | ||
|---|---|---|---|
| 999 |
_c127438 _d127438 |
||
| 001 | 7649078 | ||
| 003 | ARRUPE | ||
| 005 | 20180118100056.0 | ||
| 008 | 750324s1971 it b 000 0 ita | ||
| 010 | _a 78878679 | ||
| 035 | _a(OCoLC)1231694 | ||
| 040 |
_aDLC _cMCW _dOCoLC _dDLC |
||
| 042 | _apremarc | ||
| 050 | 0 | 0 |
_aBP118 _b.M828 |
| 130 | 0 |
_aDead Sea scrolls. _lItalian. _938704 |
|
| 245 | 1 | 0 |
_aI manoscritti di Qumrān. _cKoran. Italian. 1971 |
| 260 |
_aTorino _bUnione tipografico-editrice torinese, _c1971. |
||
| 300 |
_a778 p. _c23 cm. |
||
| 490 | 0 | _aClassici delle religioni [n. 13]. Sezione 2: La religione ebraica | |
| 490 | 0 | _aClassici UTET | |
| 504 | _aIncludes bibliographies. | ||
| 505 | 0 | _aTesti normativi.--Inni.--Commenti biblici.--Testi diversi. | |
| 700 | 1 |
_aMoraldi, Luigi, _etr. _938705 |
|
| 906 |
_a7 _bcbc _coclcrpl _du _encip _f19 _gy-gencatlg |
||
| 942 |
_2lcc _cMONOGRAPH |
||